000 00272nam a2200121Ia 4500
008 190216s9999||||xx |||||||||||||| ||und||
100 _aBalakrishna Rav
245 0 _aHindi-Madhya Pradesh Chantheesgud
260 _bAjay
300 _a202
650 _aHindi
942 _cBK
999 _c16388
_d16388